| 000 | 00513nam a2200205Ia 4500 | ||
|---|---|---|---|
| 005 | 20231108121003.0 | ||
| 008 | 131103s9999 xx 000 0 und d | ||
| 040 | _aLoreto College | ||
| 041 | _aEnglish | ||
| 082 |
_a796.522 _bAHL |
||
| 100 | _aAhluwalia,H.P.S. | ||
| 245 |
_aHigher Than Everest _cH.P.S.Ahluwalia |
||
| 250 | _a4th ed. | ||
| 260 |
_aNew Delhi _bVikas Pub. _c1975 |
||
| 300 |
_ax,222,v.p. _b illus. |
||
| 650 | _aMountaineering | ||
| 651 | _aOutdoor Games | ||
| 850 | _aLCLIB | ||
| 942 | _cBK | ||
| 999 |
_c17610 _d68089 |
||